00300nam a2200109 a 4500008004100000050001800041100001700059245004200076260004600118300001700164350000900181120416s1973 ||||||||||||||||| || u aTL 215.F5 Hay aHaynes, J. H10aFiat 124 sport owners workshop manual aSparkfordbJ. H. Haynes and Companyc1973 a199p. : ill. a0.00